000 00444nam a2200181Ia 4500
001 3211
005 20260306144904.0
008 260306t1991||||xx |||||||||||||| ||spa||
041 _aESP
082 _a262.15
_bP45
100 _aPerez Morales, Ovidio
_eAUT
245 0 _aNuevos ministros para una nueva evangelización
260 _c1991
300 _a111 páginas :
_c21 cm.
650 _aGEN
654 _aCHU
942 _cLIB
_dJUS
_fJUS
_2ddc
_n
999 _c3211
_d3211